The challenge of our christian calling / (Record no. 142014)

MARC details
000 -LEADER
fixed length control field 00540nam a22001817a 4500
005 - DATE AND TIME OF LATEST TRANSACTION
control field 20170627123439.0
010 ## - LCCN (DPL NO)
LC control number ENG-118948
020 ## - INTERNATIONAL STANDARD BOOK NUMBER
International Standard Book Number 9788184655780
Terms of availability 150.00
035 ## - SYSTEM CONTROL NUMBER
System control number EN-102480
037 ## - SOURCE OF ACQUISITION
Source of stock number/acquisition DBAD/PUB
082 ## - DEWEY DECIMAL CLASSIFICATION NUMBER
Classification number 230
100 ## - MAIN ENTRY--PERSONAL NAME
Personal name Redfern, Alastair
245 ## - TITLE STATEMENT
Title The challenge of our christian calling /
Statement of responsibility, etc by Alastair Redfern
260 ## - PUBLICATION, DISTRIBUTION, ETC. (IMPRINT)
Place of publication, distribution, etc Delhi
Name of publisher, distributor, etc ISPCK
Date of publication, distribution, etc 2016
270 ## - ADDRESS
Address Post Box 1585, 1654, Madarsa Road, Kashmere Gate, Delhi-110006
300 ## - PHYSICAL DESCRIPTION
Extent xii,101p
Dimensions 21cm.(pbk)
942 ## - ADDED ENTRY ELEMENTS (KOHA)
Source of classification or shelving scheme Dewey Decimal Classification
Item type English Books
Classification part 230
Call number suffix RED
Holdings
Withdrawn status Lost status Not for loan Collection code Home library Current library Date acquired Source of acquisition Cost, normal purchase price Full call number Barcode Copy number Cost, replacement price Koha item type
      Non-fiction Shahdara Branch Shahdara Branch 27/06/2017 DBAD/PUB 150.00 230 RED EN-102480 1 150.00 English Books

© Delhi Public Library
Hit Counter
free hit counter